000 01699cam a2200325 a 4500
001 15338558
005 20091201141211.0
007 co |g|||||||||
008 080620s2009 nyua b 001 0 eng
010 _a 2008027686
020 _a052151522X (hardback)
020 _a9780521515221 (hardback)
035 _a(OCoLC)ocn232605749
040 _aDLC
_cDLC
_dYDX
_dBTCTA
_dYDXCP
_dCDX
_dDLC
050 0 0 _aTA169
_b.C45 2009
082 0 0 _a620.00452
_222
_bCHA
100 1 _aChandrupatla, Tirupathi R.,
_d1944-
_923422
245 1 0 _aQuality and Reliability in Engineering /
_cTirupathi R. Chandrupatla.
260 _aNew York :
_bCambridge University Press, 2009
_c2009.
300 _axv, 309 p. :
_bill. ;
_c24 cm. +
_e1 CD-ROM (4 3/4 in.)
504 _aIncludes bibliographical references (p. 301-304) and index.
650 0 _aReliability (Engineering)
_923423
650 0 _aQuality assurance.
_923424
653 _bCiv
_cApril2011
856 4 1 _3Table of contents only
_uhttp://www.loc.gov/catdir/toc/fy0903/2008027686.html
942 _2ddc
_cBB
999 _c15202
_d15202